NAJCZĘŚCIEJ ODWIEDZANI LEKARZE SPECJALIŚCI - Statystyki

Ogólne statystyki
  • Ten quiz został rozwiązany 207 razy
  • Średni wynik to 4 z 6
Statystyki odpowiedzi
Odpowiedź % Poprawnych
KARDIOLOG
81%
GINEKOLOG
69%
PEDIATRA
61%
OKULISTA
59%
STOMATOLOG
53%
DERMATOLOG
49%
Nie znaleziono quizów pasujących do podanych kryteriów
Rozkład punktacji
Procent ludzi z każdym wynikiem
Percentyl według liczby udzielonych odpowiedzi
Twoja historia wyników
Nie rozwiązałeś tego quizu